Online
Catalog

Sentido y forma de La Celestina. / (Record no. 3228)

MARC details
000 -CABECERA
campo de control de longitud fija 00783cam a2200229 a 4500
001 - NÚMERO DE CONTROL
campo de control 000003398
005 - FECHA Y HORA DE LA ÚLTIMA TRANSACCIÓN
campo de control 20200929150429.0
008 - DATOS DE LONGITUD FIJA--INFORMACIÓN GENERAL
campo de control de longitud fija 780606s1974 sp b 000 0 spa
020 ## - NÚMERO INTERNACIONAL ESTÁNDAR DEL LIBRO
Número Internacional Estándar del Libro 8437600154
040 ## - FUENTE DE LA CATALOGACIÓN
Centro catalogador/agencia de origen DO-SdBNP
Lengua de catalogación spa
Centro/agencia transcriptor BNPHU
082 ## - NÚMERO DE LA CLASIFICACIÓN DECIMAL DEWEY
Número de clasificación 863.2
Número de documento/Ítem M868s
100 1# - ENTRADA PRINCIPAL--NOMBRE DE PERSONA
Nombre de persona Morón Arroyo, Ciriaco.
9 (RLIN) 10589
245 10 - MENCIÓN DE TÍTULO
Título Sentido y forma de La Celestina. /
Mención de responsabilidad, etc. Ciriaco Morón Arroyo; prólogo, Otis H. Green.
260 ## - PUBLICACIÓN, DISTRIBUCIÓN, ETC.
Lugar de publicación, distribución, etc. Madrid :
Nombre del editor, distribuidor, etc. Cátedra,
Fecha de publicación, distribución, etc. 1974.
300 ## - DESCRIPCIÓN FÍSICA
Extensión 126 p. ;
Dimensiones 21 cm.
504 ## - NOTA DE BIBLIOGRAFÍA, ETC.
Nota de bibliografía, etc. Incluye refeencias bibliográficas : p. 125-126.
600 10 - PUNTO DE ACCESO ADICIONAL DE MATERIA--NOMBRE DE PERSONA
Nombre de persona ROJAS, FERNANDO
Fechas asociadas al nombre 14..? - 1541.
Título de la obra CELESTINA
9 (RLIN) 10590
650 #4 - PUNTO DE ACCESO ADICIONAL DE MATERIA--TÉRMINO DE MATERIA
Término de materia o nombre geográfico como elemento de entrada Celestina
Subdivisión general Historia y crítica
9 (RLIN) 10591
650 #4 - PUNTO DE ACCESO ADICIONAL DE MATERIA--TÉRMINO DE MATERIA
Término de materia o nombre geográfico como elemento de entrada Novela española
9 (RLIN) 1123
650 #4 - PUNTO DE ACCESO ADICIONAL DE MATERIA--TÉRMINO DE MATERIA
Término de materia o nombre geográfico como elemento de entrada Literatura española
9 (RLIN) 632
700 1# - PUNTO DE ACCESO ADICIONAL--NOMBRE DE PERSONA
Nombre de persona Green, Otis H.
Término indicativo de función/relación pról
9 (RLIN) 10592
Holdings
Estado de retiro Estado de pérdida Restricciones de uso No para préstamo Código de colección Localización permanente Ubicación/localización actual Ubicación en estantería Fecha de adquisición Número de inventario Total de préstamos Signatura topográfica completa Código de barras Fecha visto por última vez Precio válido a partir de Tipo de ítem Koha
    Préstamo interno   Monografías: Libros y Folletos General General En catalogación 08.07.2009 LF1   863.2 M868s 3398-10 25.06.2020 25.06.2020 Préstamo interno

Powered by Koha